|
|
|
|
| LEADER |
00000nam2a2200000 4500 |
| 001 |
110794 |
| 005 |
20231031120558.0 |
| 035 |
|
|
|a (RuTPU)RU\TPU\book\119653
|
| 035 |
|
|
|a RU\TPU\book\119643
|
| 090 |
|
|
|a 110794
|
| 100 |
|
|
|a 20070301d1975 km y0rusy50 ca
|
| 101 |
0 |
|
|a rus
|
| 102 |
|
|
|a RU
|
| 105 |
|
|
|a y ad 001zy
|
| 200 |
0 |
|
|a Т. 19: Алтайский край и Кемеровская область. Период 1961-1965. Кн. 2: (1963-1965). Вып. II : Рукописные работы
|f под ред. А. Р. Ананьева
|
| 210 |
|
|
|a Томск
|c Изд-во Томского ун-та
|d 1975
|
| 215 |
|
|
|a 445 с.
|
| 320 |
|
|
|a Авторский указатель: с. 407-418.
|
| 320 |
|
|
|a Предметно-систематический указатель: с. 418-421.
|
| 320 |
|
|
|a Географический указатель: с. 421-435.
|
| 371 |
0 |
|
|a For_staff_use
|
| 461 |
|
1 |
|0 (RuTPU)RU\TPU\book\58444
|t Геологическая изученность СССР
|o [обзорные главы, рефераты, аннотации и библиографические справки]
|f Академия Наук СССР, Комиссия по геологической изученности СССР ; гл. ред. В. В. Тихомиров
|v Т. 19: Алтайский край и Кемеровская область. Период 1961-1965. Кн. 2: (1963-1965). Вып. II: Рукописные работы
|d 1961-1988
|
| 610 |
1 |
|
|a геология
|
| 610 |
1 |
|
|a геологическое районирование
|
| 610 |
1 |
|
|a геологическая изученность
|
| 610 |
1 |
|
|a Алтайский край
|
| 610 |
1 |
|
|a Кемеровская область
|
| 610 |
1 |
|
|a Западная Сибирь
|
| 610 |
1 |
|
|a рукописные источники
|
| 610 |
1 |
|
|a рефераты
|
| 610 |
1 |
|
|a библиографические пособия
|
| 675 |
|
|
|a 55(571.15)
|v 3
|
| 675 |
|
|
|a 55(571.17)
|v 3
|
| 702 |
|
1 |
|a Ананьев
|b А. Р.
|4 340
|
| 801 |
|
1 |
|a RU
|b 63413507
|c 20070301
|g PSBO
|
| 801 |
|
2 |
|a RU
|b 63413507
|c 20100330
|g PSBO
|
| 942 |
|
|
|c BK
|